Mesures pénales de substitution aux peines privatives de liberté

Gorde:
Xehetasun bibliografikoak
Egile korporatiboa: Council of Europe (Egilea), Conseil de l'Europe (Egilea)
Formatua: Liburua
Hizkuntza:frantsesa
Argitaratua: Estrasburgo Council of Europe 1976
Saila:Affaires Criminologiques
Gaiak:
Etiketak: Etiketa erantsi
Etiketarik gabe, Izan zaitez lehena erregistro honi etiketa jartzen!

MARC

LEADER 00000nam a2200000 a 4500
001 UCS0269
003 CL-VaPUC
008 970418e19760000FR |||||||||||||||||fre|d
082 0 4 |a 364.68  |b COU  |2 21 
110 2 |a Council of Europe  |e author  |9 383526 
710 2 |a Conseil de l'Europe  |e author  |9 383527 
245 1 0 |a Mesures pénales de substitution aux peines privatives de liberté 
300 |a 91 p 
942 |c BK 
945 |d 19970418 00:00:00  |a paguirre 
260 |a Estrasburgo  |b Council of Europe  |c 1976 
650 0 |a Penas   |9 255927 
650 7 |a DERECHO PENAL  |2 CL-VaPUC  |9 11 
650 0 |a Delitos  |9 224143 
650 0 |a Penas privativas de libertad  |9 383297 
650 7 |a DELINCUENTES  |2 CL-VaPUC  |9 315465 
650 0 |a Problemas sociales  |9 258537 
583 |a last modification  |c 20130318 06:54:24  |k Rodrigo Vera 
490 0 |a Affaires Criminologiques 
999 |c 258508  |d 258506 
952 |0 0  |1 0  |2 ddc  |4 0  |6 364_680000000000000_COU_1976  |7 0  |8 A  |9 282673  |a BIBDER  |b BIBDER  |d 2019-11-19  |i 1833065  |o 364.68 COU 1976  |p 1833065  |r 2023-01-25  |w 2019-11-19  |y MX  |k DER